00434nam a22001217a 4500008004100000040005500041080001800096245008300114260008000197300001000277650001300287653001200300230612b |||||||| |||| 00| 0 eng d aNational Science LibrarycNational Science Library a685.3:338bL0 aExport prospects for footwearc/ National Council Of Applied Economic Research aNew Delhi: bNational Council Of Applied Economic Research, c1970 a149p. aLanguage aScience